000 00270nam a22001217a 4500
008 171027b xxu||||| |||| 00| 0 eng d
041 _aeng
080 _a336
100 _a55
101 _aMEN
245 _aBUSINESS FINANCIAL MANAGEMENT
_cENGLER, G.N
942 _2udc
_cBK
999 _c36056
_d36056